Ψυχολογία του λόγου και της γλώσσας : ανάπτυξη και παθολογία ; δυσλεξία και λογοθεραπεία

Saved in:
Bibliographic Details
Main Author: Στασινός, Δημήτρης Π.
Format: Book
Language:Greek
Published: Αθήνα : Gutenberg, 2015.
Edition:Έκδ. αναθ.
Series:Ψυχολογία (Gutenberg) ; 28
Subjects:
Tags: Add Tag
No Tags, Be the first to tag this record!

MARC

LEADER 00000cam a2200000 a 4500
001 1/123442
008 210823s2015####gr | ||| |||| ||gre||
020 |a 9789600113013 
040 |a GR-MyUa  |b gre  |c GR-MyUa  |e AACR2 
041 0 |a gre 
082 7 |a 616.855075   |2 (23) 
100 1 |a Στασινός, Δημήτρης Π. 
245 1 0 |a Ψυχολογία του λόγου και της γλώσσας :   |b ανάπτυξη και παθολογία ; δυσλεξία και λογοθεραπεία /   |c Δημήτρης Π. Στασινός.  
250 |a Έκδ. αναθ.  
260 |a Αθήνα :   |b Gutenberg,   |c 2015.  
300 |a 582 σ. ;   |c 24 εκ.  
490 1 |a (Ψυχολογία / Gutenberg ;   |v  28) 
504 |a Βιβλιογραφία : σ. 441-476.  
504 |a Περιλαμβάνει βιβλιογραφικές παραπομπές, παραρτήματα, γλωσσάρι όρων και πίνακα συγγραφέων. 
650 0 |a Speech disorders in children. 
650 0 |a Logotherapy. 
650 0 |a Cognitive psychology. 
650 0 |a Dyslexia. 
830 0 |a Ψυχολογία (Gutenberg)  |v  ; 28 
852 |a INST  |b RHODES  |e 20210823  |h 616.855075 ΣΤΑ  |p 005400042193  |q 005400042193  |t BK  |y 0 
920 |a Δωρεά Βιβλιοθήκης  |y Ρόδος  |z 2021-08 
970 |z 24-08-2021